Tramwaje w Polsce - Statystyki

Ogólne statystyki
  • Ten quiz został rozwiązany 943 razy
  • Średni wynik to 12 z 15
Statystyki odpowiedzi
Lp Data otwarcia Miasto % Poprawnych
14 1866 r. Warszawa
99%
4 1873 r. Gdańsk
97%
8 1882 r. Kraków
97%
6 1894 r. Konurbacja górnośląska
95%
15 1877 r. Wrocław
95%
12 1879 r. Szczecin
92%
11 1880 r. Poznań
91%
9 1898 r. Aglomeracja Łódzka
87%
1 1888 r. Bydgoszcz
87%
13 1891 r. Toruń
86%
10 2015 r. Olsztyn
81%
5 1899 r. Gorzów Wielkopolski
70%
2 1959 r. Częstochowa
64%
3 1895 r. Elbląg
55%
7 1896 r. Grudziądz
51%
Nie znaleziono quizów pasujących do podanych kryteriów
Rozkład punktacji
Procent ludzi z każdym wynikiem
Percentyl według liczby udzielonych odpowiedzi
Twoja historia wyników
Nie rozwiązałeś tego quizu